妖怪公館ソ新房客 . 夜宴fighting! . 8

資料類型: Book 圖書   書目號:51040

Leader xxxxxxxxxx
001 __ 102461/1/01
005 __ 20170410105855.715
010 0_ |a9789863613237|b第8冊 : 平裝|d新臺幣220元
042 __ |anbim
100 __ |a20170410d2016    k  y0chiy50      e
101 0_ |achi
102 __ |atw
105 __ |ay   z   000ay
200 1_ |a妖怪公館ソ新房客|h8|i夜宴fighting!|dResidence of Monsters|f藍旗左衽著
205 __ |a初版
210 __ |a臺北市|c高寶國際|d2016[民105]
215 0_ |a283面|d21公分
225 12 |a輕世代|vFW203
510 1_ |aResidence of Monsters|zeng
517 1_ |a夜宴fighting|zchi
606 __ |2csh|a輕小說
700 _0 |a藍旗左衽|4681 __ |a857.7|b8524 v.8
801 _0 |atw|bLibDipper|c20170410|gCCR
詳細館藏(共 1 筆)
索 書 號登 錄 號冊次號館別 / 館藏地流通類型狀態加入預約清單電子資源
857.7 / 8524 1024611 v.8 圖書館 / 一樓輕小說專區 可外借30天 在館   

| 條列資料




目錄查詢 分類查詢 個人資料 圖書薦購 新書查詢 閉館日 排行榜 更多電子資源 Hami書城 線上資料庫 登出

From : 216.73.217.87

  本日流通累計至 16:12:50 借閱 : 13 次 續借 : 0 次 歸還 : 10 次 預約 : 0 次 電子資源 : 0 次


內湖高中圖書館  PCLIS 版本  26.5.0.12